<?xml version="1.0" encoding="UTF-8"?>
<record
    xmlns:xsi="http://www.w3.org/2001/XMLSchema-instance"
    xsi:schemaLocation="http://www.loc.gov/MARC21/slim http://www.loc.gov/standards/marcxml/schema/MARC21slim.xsd"
    xmlns="http://www.loc.gov/MARC21/slim">

  <leader>00711nam a22001577a 4500</leader>
  <controlfield tag="003">OSt</controlfield>
  <controlfield tag="005">20151211160928.0</controlfield>
  <controlfield tag="008">151211b        xxu||||| |||| 00| 0 eng d</controlfield>
  <datafield tag="040" ind1=" " ind2=" ">
    <subfield code="c">RUA</subfield>
  </datafield>
  <datafield tag="082" ind1=" " ind2=" ">
    <subfield code="a">ATM.s NGU 2004 B200 Or.1</subfield>
  </datafield>
  <datafield tag="100" ind1=" " ind2=" ">
    <subfield code="9">4731</subfield>
    <subfield code="a">NGUON CHHENG ANG, SAMPHOAS.</subfield>
  </datafield>
  <datafield tag="245" ind1=" " ind2=" ">
    <subfield code="a">Human resource management of agricultural and livestock development project kam pong thom province, &#x1780;&#x17B6;&#x179A;&#x1782;&#x17D2;&#x179A;&#x1794;&#x17CB;&#x1782;&#x17D2;&#x179A;&#x1784;&#x1792;&#x1793;&#x1792;&#x17B6;&#x1793;&#x1798;&#x1793;&#x17BB;&#x179F;&#x17D2;&#x179F;&#x1780;&#x17D2;&#x1793;&#x17BB;&#x1784;&#x1782;&#x17C6;&#x179A;&#x17C4;&#x1784;&#x17A2;&#x1797;&#x17B7;&#x179C;&#x178C;&#x17D2;&#x178D;&#x1793;&#x17CD;&#x1780;&#x179F;&#x17B7;&#x1780;&#x1798;&#x17D2;&#x1798;&#x1793;&#x17B7;&#x1784;&#x1785;&#x17B7;&#x1789;&#x17D2;&#x1785;&#x17B9;&#x1798;&#x179F;&#x178F;&#x17D2;&#x179C;&#x200B;&#x1781;&#x17C1;&#x178F;&#x17D2;&#x178F;&#x1780;&#x17C6;&#x1796;&#x1784;&#x17CB;&#x1792;&#x17C6;</subfield>
  </datafield>
  <datafield tag="260" ind1=" " ind2=" ">
    <subfield code="a">Phnom Penh</subfield>
    <subfield code="b">RUA</subfield>
    <subfield code="c">2004</subfield>
  </datafield>
  <datafield tag="300" ind1=" " ind2=" ">
    <subfield code="a">vii; 48p.</subfield>
    <subfield code="b">ill.</subfield>
    <subfield code="c">29cm.</subfield>
  </datafield>
  <datafield tag="942" ind1=" " ind2=" ">
    <subfield code="2">ddc</subfield>
    <subfield code="c">ATMSP</subfield>
  </datafield>
  <datafield tag="999" ind1=" " ind2=" ">
    <subfield code="c">4410</subfield>
    <subfield code="d">4410</subfield>
  </datafield>
  <datafield tag="952" ind1=" " ind2=" ">
    <subfield code="0">0</subfield>
    <subfield code="1">0</subfield>
    <subfield code="2">ddc</subfield>
    <subfield code="4">0</subfield>
    <subfield code="6">ATM__S_NGU_2004_000000000000000_B200_OR_1</subfield>
    <subfield code="7">0</subfield>
    <subfield code="9">22739</subfield>
    <subfield code="a">LBB</subfield>
    <subfield code="b">LBB</subfield>
    <subfield code="c">B200</subfield>
    <subfield code="d">2015-12-11</subfield>
    <subfield code="o">ATM.s NGU 2004 B200 Or.1</subfield>
    <subfield code="p">RUA017820</subfield>
    <subfield code="r">2015-12-11</subfield>
    <subfield code="w">2015-12-11</subfield>
    <subfield code="y">ATMSP</subfield>
  </datafield>
  <datafield tag="952" ind1=" " ind2=" ">
    <subfield code="0">0</subfield>
    <subfield code="1">0</subfield>
    <subfield code="2">ddc</subfield>
    <subfield code="4">0</subfield>
    <subfield code="6">ATM__S_NGU_2004_000000000000000_B200_OR_2</subfield>
    <subfield code="7">0</subfield>
    <subfield code="9">22740</subfield>
    <subfield code="a">LBB</subfield>
    <subfield code="b">LBB</subfield>
    <subfield code="c">B200</subfield>
    <subfield code="d">2015-12-11</subfield>
    <subfield code="o">ATM.s NGU 2004 B200 Or.2</subfield>
    <subfield code="p">RUA009743</subfield>
    <subfield code="r">2015-12-11</subfield>
    <subfield code="w">2015-12-11</subfield>
    <subfield code="y">ATMSP</subfield>
  </datafield>
  <datafield tag="952" ind1=" " ind2=" ">
    <subfield code="0">0</subfield>
    <subfield code="1">0</subfield>
    <subfield code="2">ddc</subfield>
    <subfield code="4">0</subfield>
    <subfield code="6">ATM__S_NGU_2004_000000000000000_B200_OR_3</subfield>
    <subfield code="7">0</subfield>
    <subfield code="9">22741</subfield>
    <subfield code="a">LBB</subfield>
    <subfield code="b">LBB</subfield>
    <subfield code="c">B200</subfield>
    <subfield code="d">2015-12-11</subfield>
    <subfield code="o">ATM.s NGU 2004 B200 Or.3</subfield>
    <subfield code="p">RUA017778</subfield>
    <subfield code="r">2015-12-11</subfield>
    <subfield code="w">2015-12-11</subfield>
    <subfield code="y">ATMSP</subfield>
  </datafield>
  <datafield tag="952" ind1=" " ind2=" ">
    <subfield code="0">0</subfield>
    <subfield code="1">0</subfield>
    <subfield code="2">ddc</subfield>
    <subfield code="4">0</subfield>
    <subfield code="6">ATM__S_NGU_2004_000000000000000_B200_OR_4</subfield>
    <subfield code="7">0</subfield>
    <subfield code="9">22742</subfield>
    <subfield code="a">LBB</subfield>
    <subfield code="b">LBB</subfield>
    <subfield code="c">B200</subfield>
    <subfield code="d">2015-12-11</subfield>
    <subfield code="o">ATM.s NGU 2004 B200 Or.4</subfield>
    <subfield code="p">RUA009624</subfield>
    <subfield code="r">2015-12-11</subfield>
    <subfield code="w">2015-12-11</subfield>
    <subfield code="y">ATMSP</subfield>
  </datafield>
  <datafield tag="952" ind1=" " ind2=" ">
    <subfield code="0">0</subfield>
    <subfield code="1">0</subfield>
    <subfield code="2">ddc</subfield>
    <subfield code="4">0</subfield>
    <subfield code="6">ATM__S_NGU_2004_000000000000000_B200_OR_5</subfield>
    <subfield code="7">0</subfield>
    <subfield code="9">22743</subfield>
    <subfield code="a">LBB</subfield>
    <subfield code="b">LBB</subfield>
    <subfield code="c">B200</subfield>
    <subfield code="d">2015-12-11</subfield>
    <subfield code="o">ATM.s NGU 2004 B200 Or.5</subfield>
    <subfield code="p">RUA033531</subfield>
    <subfield code="r">2015-12-11</subfield>
    <subfield code="w">2015-12-11</subfield>
    <subfield code="y">ATMSP</subfield>
  </datafield>
  <datafield tag="952" ind1=" " ind2=" ">
    <subfield code="0">0</subfield>
    <subfield code="1">0</subfield>
    <subfield code="2">ddc</subfield>
    <subfield code="4">0</subfield>
    <subfield code="6">ATM__S_NGU_2004_000000000000000_B200_OR_6</subfield>
    <subfield code="7">0</subfield>
    <subfield code="9">22744</subfield>
    <subfield code="a">LBB</subfield>
    <subfield code="b">LBB</subfield>
    <subfield code="c">B200</subfield>
    <subfield code="d">2015-12-11</subfield>
    <subfield code="o">ATM.s NGU 2004 B200 Or.6</subfield>
    <subfield code="p">RUA034726</subfield>
    <subfield code="r">2015-12-11</subfield>
    <subfield code="w">2015-12-11</subfield>
    <subfield code="y">ATMSP</subfield>
  </datafield>
  <datafield tag="952" ind1=" " ind2=" ">
    <subfield code="0">0</subfield>
    <subfield code="1">0</subfield>
    <subfield code="2">ddc</subfield>
    <subfield code="4">0</subfield>
    <subfield code="6">ATM__S_NGU_2004_000000000000000_B200_OR_7</subfield>
    <subfield code="7">0</subfield>
    <subfield code="9">22745</subfield>
    <subfield code="a">LBB</subfield>
    <subfield code="b">LBB</subfield>
    <subfield code="c">B200</subfield>
    <subfield code="d">2015-12-11</subfield>
    <subfield code="o">ATM.s NGU 2004 B200 Or.7</subfield>
    <subfield code="p">RUA033893</subfield>
    <subfield code="r">2015-12-11</subfield>
    <subfield code="w">2015-12-11</subfield>
    <subfield code="y">ATMSP</subfield>
  </datafield>
  <datafield tag="952" ind1=" " ind2=" ">
    <subfield code="0">0</subfield>
    <subfield code="1">0</subfield>
    <subfield code="2">ddc</subfield>
    <subfield code="4">0</subfield>
    <subfield code="6">ATM__S_NGU_2004_000000000000000_B200_OR_8</subfield>
    <subfield code="7">0</subfield>
    <subfield code="9">22746</subfield>
    <subfield code="a">LBB</subfield>
    <subfield code="b">LBB</subfield>
    <subfield code="c">B200</subfield>
    <subfield code="d">2015-12-11</subfield>
    <subfield code="l">1</subfield>
    <subfield code="o">ATM.s NGU 2004 B200 Or.8</subfield>
    <subfield code="p">RUA034746</subfield>
    <subfield code="r">2016-10-26</subfield>
    <subfield code="s">2016-09-16</subfield>
    <subfield code="w">2015-12-11</subfield>
    <subfield code="y">ATMSP</subfield>
  </datafield>
</record>
